Inventaire critique de la correspondance de Jean-Alphonse Turrettini / Vol. 6 Index

Saved in:  
Bibliographic Details
Main Author: Pitassi, Maria-Cristina 1954- (Author)
Contributors: Turrettini, Jean Alphonse 1671-1737 (Other)
Format: Print Book
Language:French
Subito Delivery Service: Order now.
Check availability: HBZ Gateway
WorldCat: WorldCat
Interlibrary Loan:Interlibrary Loan for the Fachinformationsdienste (Specialized Information Services in Germany)
Published: Paris Champion 2009
In: Inventaire critique de la correspondance de Jean-Alphonse Turrettini
Year: 2009
Series/Journal:Vie des huguenots 51,6
Sammlungen:

MARC

LEADER 00000cam a2200000 cc4500
001 59461709X
003 DE-627
005 20240923135452.0
007 tu
008 090324s2009 fr ||||| 00| ||fre c
035 |a (DE-627)59461709X 
035 |a (DE-576)9594617098 
035 |a (DE-599)GBV59461709X 
035 |a (OCoLC)552114394 
040 |a DE-627  |b ger  |c DE-627  |e rakwb 
041 |a fre 
044 |c XA-FR 
100 1 |0 (DE-588)140194126  |0 (DE-627)616468431  |0 (DE-576)164397132  |4 aut  |a Pitassi, Maria-Cristina  |d 1954- 
109 |a Pitassi, Maria-Cristina 1954-  |a Pitassi, Maria Cristina 1954-  |a Pitassi, Maria C. 1954- 
245 1 0 |a Inventaire critique de la correspondance de Jean-Alphonse Turrettini  |n Vol. 6  |p Index 
264 1 |a Paris  |b Champion  |c 2009 
300 |a 627 S  |b Ill. 
336 |a Text  |b txt  |2 rdacontent 
337 |a ohne Hilfsmittel zu benutzen  |b n  |2 rdamedia 
338 |a Band  |b nc  |2 rdacarrier 
490 1 |a Vie des huguenots  |v 51,6 
583 1 |a Archivierung prüfen  |c 20240722  |f DE-4165  |z 1  |2 pdager 
700 1 |0 (DE-588)119356023  |0 (DE-627)08016577X  |0 (DE-576)166087009  |4 oth  |a Turrettini, Jean Alphonse  |d 1671-1737 
773 1 8 |a Inventaire critique de la correspondance de Jean-Alphonse Turrettini  |w (DE-627)594616220  |w (DE-576)9594616229  |g Vol. 6  |q 6.2009  |7 nnam 
830 0 |a Vie des huguenots  |v 51,6  |9 5106  |w (DE-627)320618676  |w (DE-576)066763835  |w (DE-600)2022345-6  |x 1286-9538  |7 am 
935 |a FBGO  |a mteo 
951 |a MV 
ELC |b 1 
LOK |0 000 xxxxxcx a22 zn 4500 
LOK |0 001 4582568238 
LOK |0 003 DE-627 
LOK |0 004 59461709X 
LOK |0 005 20250127143030 
LOK |0 008 240923||||||||||||||||ger||||||| 
LOK |0 040   |a DE-Tue135  |c DE-627  |d DE-Tue135 
LOK |0 092   |o n 
LOK |0 852   |a DE-Tue135 
LOK |0 852 1  |9 00 
LOK |0 866   |x SPQUE#Forschungsbibliothek Gotha#SPSAM#Bestand Theologie (bis 2024-03) 
LOK |0 935   |a FBGO  |a goth 
LOK |0 939   |a 23-09-24  |b l01 
ORI |a SA-MARC-ixtheoa001.raw